Paroles-Demain ; Bigflo et Oli - Statistiques

Statistiques générales
  • Ce quiz a été pris 225 fois
  • Le résultat moyen est 351 sur 457
Statistiques - réponses
Réponse % Correct
de
97%
On
97%
Ma
96%
m'a
96%
ma
96%
t'
96%
a
95%
à
95%
me
94%
on
94%
On
94%
tu
93%
" tu
93%
"tu
93%
et
92%
le
92%
Le
92%
qu'
92%
c'
91%
mon
91%
que
91%
que...
91%
dit
90%
la
90%
La
90%
pour
90%
Pour
90%
te
89%
un
89%
Un
89%
pas
88%
sais
88%
ce
87%
Ce
87%
demain
87%
(demain
87%
demain)
87%
Je
87%
je
87%
mère
87%
peur
87%
ton
87%
veux
87%
c'est
86%
C'est
86%
plus
86%
Plus
86%
qui
86%
avenir
85%
Ca
85%
être
85%
meuf
85%
ne
85%
Ne
85%
quand
85%
toi
85%
rappeur"
84%
tout
84%
Tout
84%
est
83%
médecin
83%
monde
83%
sois
83%
t'es
83%
"T'es
83%
voudrait
83%
assez
82%
mes
82%
mes...
82%
dirait
81%
en
81%
En
81%
m'embrasser"
81%
passé ?
81%
passe
81%
au
80%
avec
80%
fiini
80%
même
80%
mieux
80%
porte
80%
se
80%
T'as
80%
t'as
80%
dans
79%
ira
79%
lassé
79%
Qu'est
79%
regard
79%
elle
77%
m'aimes
76%
Par
76%
nuit
75%
vie
75%
conseil
74%
dire
74%
Mais
74%
pense
74%
petit
74%
rien
74%
croit
73%
personne
73%
coup
72%
fois
72%
il
72%
avait
71%
grave
71%
marre
71%
m'endors
71%
soir
71%
tête
71%
voisine
71%
chaque
70%
foudre
70%
t'y
70%
des
69%
Faut
69%
les
69%
"Les
69%
pareil
69%
penses
69%
voir
69%
affaires
68%
m'énerve
68%
tape
68%
venue
68%
danses
67%
coups
66%
moi
66%
y
66%
blues
65%
regrette
65%
Engueulade
64%
fait
64%
répète
64%
rèpete
64%
savoir
64%
casse
63%
j'me
63%
puis
63%
une
63%
Bigflo
62%
j'écoute
62%
Oli
62%
sur
62%
biscuit
61%
comme
61%
connais
61%
non
61%
aime"
60%
faire
59%
autres
58%
temps
58%
all
56%
problèmes
56%
appelé
55%
deux
55%
Monsieur
55%
sort
55%
disais
54%
son
54%
vite
54%
l'amour
53%
maman
53%
Allez
52%
avant
52%
dessine
52%
fenêtre
52%
j'ai
52%
m'apportes
52%
nous
52%
pensais
52%
semaine
52%
vieux
52%
attend
50%
c'était
50%
hier
50%
parle
50%
doucement
49%
j'le
48%
main
48%
Tinder"
48%
enfants
47%
qu'il
47%
kinder
46%
rencontré
46%
sourire
46%
trop
46%
dream"
45%
seul
45%
surprise
45%
attendant
44%
éviter
44%
j'pense
44%
signe
44%
coeur
43%
Toutes
43%
mille
42%
remet
42%
s'arrête
41%
celui
40%
Cette
40%
fille
40%
pleurs
40%
questions
39%
baladent
38%
Biggie
38%
"It
38%
sans
38%
(ah, ah, ah)
37%
j'attends
36%
was
36%
réponses
34%
doit
32%
j'm'réveil
21%
j'n'écoute
17%
t'façons
16%
Aucun quiz correspondant
Distribution des résultats
% des personnes avec chaque résultat
Percentile par nombre de réponses
Votre historique - résultats
Vous n’avez pas pris ce quiz